00413cam a2200157ua 45000010005000000080039000050400009000440820011000531000028000642450058000922500009001502600033001593000021001926530022002136530020002351381110708n ii |||gr||||Z||||||eng cMAIN a320.54 aSharma, M. P.,eAuthor.1 aThe goverment of the indian republiccby M. P. Sharma a6th. aAllahabad:bKitab Mahal,972. axi; 362p:c23cm. aPolitical Science aindian republic